000 01069cab a2200205 4500
001 ##L133256
008 060424n2006 000 0 eng u
035 _a(Sirsi) u133256
041 0 _aeng
100 1 _aBarnes, Rachel
245 0 0 _aFool if you think it's over
260 _c2006
490 0 _aBuilding
_v271(8427) 21 April 2006, 69(1)
520 _aWarns that consultants and contractors are not necessarily immune from legal liability once the original client has transferred their interest in a property. The benefit of a building contract can be assigned to a new owner, who can then sue the contractor as if it had been the employer under that contract. The benefit of a claim for a latent defect can be assigned, regardless of the fact that the seller has recovered their loss through the sale.
590 _aIKA250406
650 2 4 _aLINDEN GARDENS TRUST V LENESTA SLUDGE DISPOSALS
650 2 4 _aST MARTINS PROPERTY CORPORATION LTD V SIR ROBERT MCALPINE AND SONS LTD
690 _aMANAGEMENT-DISPUTE AVOIDANCE, MANAGEMENT AND RESOLUTION
942 _n0
999 _c76891
_d76891